[Event "ODJM B 2019"]
[Site "Willingen GER"]
[Date "2019.06.11"]
[Round "4"]
[White "Petri, Ben-Luca"]
[Black "Schulze, Lukas"]
[Result "1-0"]
[Termination "normal"]
[Board "10"]
[WhiteElo "1895"]
[BlackElo "1643"]
[PlyCount "169"]
[WhiteFideId "12947261"]
[BlackFideId "12956856"]
[EventCountry "GER"]
[EventRounds "9"]
[EventType "swiss"]
[EventDate "2019.06.08"]

1. a3 d5 2. d4 Nf6 3. Nf3 g6 4. b4 Bg7 5. Bb2 O-O 6. e3 Bf5 7. Nbd2 Nbd7 8. Be2
Nb6 9. c4 dxc4 10. Nxc4 c6 11. O-O Qc7 12. Nfe5 Rad8 13. Qe1 Nfd7 14. Nxd7 Qxd7
15. Nxb6 axb6 16. Qc3 b5 17. Rfd1 Bg4 18. f3 Be6 19. Qc5 Qd6 20. Qxd6 exd6 21.
Rdc1 Rfe8 22. Rc3 Bc4 23. Bxc4 bxc4 24. Kf2 b5 25. a4 Ra8 26. Rca3 Reb8 27.
axb5 Rxa3 28. Rxa3 Rxb5 29. Bc3 Rb6 30. e4 h5 31. Ke3 Bf8 32. d5 cxd5 33. exd5
Bg7 34. Bxg7 Kxg7 35. Ra4 Rb5 36. Kd4 c3 37. Kxc3 Rxd5 38. Ra2 Kf6 39. Kc4 Rd1
40. Rb2 d5+ 41. Kc3 Rc1+ 42. Kd2 Rc6 43. b5 Rb6 44. Kc3 Ke7 45. Kb4 Kd6 46. Ka5
Kc7 47. Rc2+ Kb7 48. Kb4 Rf6 49. Kc5 Rf5 50. Rd2 d4+ 51. Kc4 Kb6 52. Rb2 d3 53.
Kxd3 Rxb5 54. Rxb5+ Kxb5 55. Kd4 Kc6 56. Ke5 Kd7 57. Kf6 Ke8 58. h3 Kf8 59. f4
Kg8 60. h4 Kf8 61. f5 gxf5 62. Kxf5 Kg7 63. Kg5 f6+ 64. Kxh5 Kh7 65. Kg4 Kg6
66. Kf4 f5 67. Ke5 Kh5 68. Kxf5 Kxh4 69. g4 Kg3 70. g5 Kf3 71. g6 Ke3 72. g7
Kd3 73. g8=Q Kd4 74. Qe6 Kc5 75. Qd7 Kc4 76. Qd6 Kc3 77. Qd5 Kc2 78. Qd4 Kb3
79. Qc5 Kb2 80. Qc4 Kb1 81. Qe2 Ka1 82. Ke4 Kb1 83. Kd3 Ka1 84. Kc3 Kb1 85.
Qb2# 1-0

[Event "ODJM B 2019"]
[Site "Willingen GER"]
[Date "2019.06.11"]
[Round "4"]
[White "Schmied, Elias"]
[Black "Bilecen, Simon"]
[Result "1-0"]
[Termination "normal"]
[Board "11"]
[WhiteElo "1669"]
[BlackElo "1669"]
[PlyCount "93"]
[WhiteFideId "16255879"]
[BlackFideId "16225511"]
[EventCountry "GER"]
[EventRounds "9"]
[EventType "swiss"]
[EventDate "2019.06.08"]

1. d4 d5 2. c4 c6 3. Nc3 Nf6 4. Nf3 dxc4 5. e4 b5 6. a4 b4 7. e5 Nd5 8. Ne4 Bf5
9. Ng3 Bg4 10. Bxc4 Nd7 11. h3 Bxf3 12. Qxf3 N7b6 13. Bb3 a5 14. Bd2 e6 15. Rc1
Rc8 16. Ne4 Be7 17. O-O Nd7 18. Qg3 Rg8 19. Be3 Qc7 20. Bxd5 exd5 21. Nd6+ Bxd6
22. exd6 Qb6 23. Rfe1 Kf8 24. Bg5 f6 25. Qe3 Qd8 26. Qf4 h6 27. Bxh6 Rh8 28.
Bxg7+ Kxg7 29. Re7+ Kf8 30. Qg4 Rg8 31. Qh5 Qxe7 32. dxe7+ Kxe7 33. Qh7+ Kd6
34. Re1 Rge8 35. Re3 Re6 36. Qf5 Rce8 37. h4 Rxe3 38. fxe3 Rh8 39. h5 Ke7 40.
Kf2 Nf8 41. g4 Ne6 42. Qd3 Ng5 43. Qa6 Ne4+ 44. Kf3 Nd2+ 45. Kf4 Nc4 46. b3 Nd2
47. Qxa5 1-0

[Event "ODJM B 2019"]
[Site "Willingen GER"]
[Date "2019.06.11"]
[Round "4"]
[White "Chromey, Tamir"]
[Black "Reuter, Julian-Frank"]
[Result "0-1"]
[Termination "normal"]
[Board "13"]
[WhiteElo "1627"]
[BlackElo "1733"]
[PlyCount "60"]
[WhiteFideId "16287479"]
[BlackFideId "16256182"]
[EventCountry "GER"]
[EventRounds "9"]
[EventType "swiss"]
[EventDate "2019.06.08"]

1. e4 c5 2. c3 Nf6 3. e5 Nd5 4. d4 cxd4 5. cxd4 Nc6 6. Nc3 e6 7. a3 d6 8. f4
Nxc3 9. bxc3 dxe5 10. fxe5 Qh4+ 11. Ke2 Qe4+ 12. Kf2 Be7 13. Nf3 O-O 14. Bd3
Qd5 15. Qc2 h6 16. Rf1 b6 17. Be4 Qd7 18. Kg1 Bb7 19. Bb2 Na5 20. Bxb7 Qxb7 21.
c4 Rac8 22. Nd2 Nxc4 23. Nxc4 b5 24. Bc3 Rxc4 25. Qd2 Rfc8 26. Rf3 Qc7 27. Ba5
Qd7 28. Bc3 Bg5 29. Qe1 Rxc3 30. Rxc3 Qxd4+ 0-1

[Event "ODJM B 2019"]
[Site "Willingen GER"]
[Date "2019.06.11"]
[Round "4"]
[White "Lohrmann, Tabea"]
[Black "Thumm, Felix"]
[Result "1/2-1/2"]
[Termination "normal"]
[Board "14"]
[WhiteElo "1549"]
[BlackElo "1836"]
[PlyCount "81"]
[WhiteFideId "12911941"]
[BlackFideId "12902209"]
[EventCountry "GER"]
[EventRounds "9"]
[EventType "swiss"]
[EventDate "2019.06.08"]

1. e4 c5 2. Nf3 e6 3. d4 cxd4 4. Nxd4 a6 5. c4 Nf6 6. Nc3 Qc7 7. Be2 Bb4 8. Qd3
Nc6 9. Nxc6 bxc6 10. O-O Bb7 11. Be3 h5 12. h3 c5 13. Bf3 Ng4 14. g3 Ne5 15.
Qe2 Nxf3+ 16. Qxf3 Bxc3 17. bxc3 f5 18. Qf4 Qxf4 19. Bxf4 Bxe4 20. Rad1 Rc8 21.
Rd6 a5 22. Rfd1 Bc6 23. R1d2 O-O 24. Be3 Ba4 25. Ra6 Rb8 26. Rxa5 Rb1+ 27. Kg2
Bc6+ 28. f3 Rfb8 29. Bxc5 R8b2 30. Rf2 Rxf2+ 31. Kxf2 Rb2+ 32. Ke3 Rh2 33. h4
Rh1 34. Ke2 Rc1 35. Bd4 Rc2+ 36. Ke3 Kf7 37. Ra7 Rg2 38. Be5 Rg1 39. Ke2 Rg2+
40. Ke3 Rg1 41. Ke2 1/2-1/2

[Event "ODJM B 2019"]
[Site "Willingen GER"]
[Date "2019.06.11"]
[Round "4"]
[White "Francois, Yannick"]
[Black "Bardorz, Stefan"]
[Result "1-0"]
[Termination "normal"]
[Board "15"]
[WhiteElo "1643"]
[BlackElo "1646"]
[PlyCount "53"]
[WhiteFideId "16200918"]
[BlackFideId "16245474"]
[EventCountry "GER"]
[EventRounds "9"]
[EventType "swiss"]
[EventDate "2019.06.08"]

1. e4 e5 2. Nf3 Nc6 3. Bc4 Bc5 4. O-O Nf6 5. d3 a6 6. a4 d6 7. Nbd2 Be6 8. c3
a5 9. Bxe6 fxe6 10. h3 O-O 11. Nc4 Ba7 12. Re1 Qd7 13. Qe2 Qf7 14. Be3 Nh5 15.
Bxa7 Rxa7 16. Ng5 Qg6 17. Nxe6 Rf6 18. Nxc7 Nf4 19. Qg4 Qh6 20. Nd5 Rg6 21.
Qc8+ Kf7 22. Qd7+ Kf8 23. Nxf4 exf4 24. f3 b6 25. Qxc6 Qxh3 26. Qxd6+ Re7 27.
Qxg6 1-0

[Event "ODJM B 2019"]
[Site "Willingen GER"]
[Date "2019.06.11"]
[Round "4"]
[White "Brügmann, Kai"]
[Black "Kolb, Verena"]
[Result "1/2-1/2"]
[Termination "normal"]
[Board "16"]
[WhiteElo "1555"]
[BlackElo "1649"]
[PlyCount "98"]
[WhiteFideId "16287460"]
[BlackFideId "12992313"]
[EventCountry "GER"]
[EventRounds "9"]
[EventType "swiss"]
[EventDate "2019.06.08"]

1. e4 c6 2. d4 d5 3. exd5 cxd5 4. Bd3 Nc6 5. Nf3 Bg4 6. c3 Qc7 7. O-O e6 8.
Nbd2 Bd6 9. h3 Bh5 10. Re1 Nf6 11. Qc2 O-O-O 12. b4 Rdg8 13. a4 g5 14. a5 g4
15. hxg4 Bxg4 16. Qa4 Bh3 17. Bf1 Rg7 18. b5 Ne7 19. b6 axb6 20. axb6 Qxb6 21.
c4 Qc7 22. Bb2 Nc6 23. Rec1 Rhg8 24. Nh4 Bf4 25. Rc3 Bxg2 26. Nxg2 Bxd2 27. Rb3
Ng4 28. Rh3 Bf4 29. Qc2 Nf6 30. Ra8+ Kd7 31. Rxg8 Rxg8 32. f3 dxc4 33. Qxc4
Be3+ 34. Kh1 Bf4 35. d5 Nxd5 36. Rxh7 Ne5 37. Qxc7+ Kxc7 38. Nxf4 Nxf3 39.
Rxf7+ Kc6 40. Ne2 Nd2 41. Nd4+ Kd6 42. Ba3+ Ke5 43. Nf3+ Nxf3 44. Rxf3 Rg4 45.
Bb2+ Kd6 46. Rb3 b6 47. Bg2 Rh4+ 48. Kg1 Kc6 49. Be5 Kc5 1/2-1/2

[Event "ODJM B 2019"]
[Site "Willingen GER"]
[Date "2019.06.11"]
[Round "4"]
[White "ter Stal, Lars"]
[Black "Diegel, Yannick"]
[Result "1-0"]
[Termination "normal"]
[Board "17"]
[WhiteElo "1732"]
[BlackElo "1411"]
[PlyCount "65"]
[WhiteFideId "12965200"]
[BlackFideId "16222563"]
[EventCountry "GER"]
[EventRounds "9"]
[EventType "swiss"]
[EventDate "2019.06.08"]

1. d4 d5 2. Nc3 Nf6 3. Bf4 c6 4. e3 Bf5 5. f3 e6 6. g4 Bg6 7. h4 h6 8. Bd3 Bxd3
9. Qxd3 Be7 10. Nge2 b5 11. Ng3 Bd6 12. O-O-O Qc7 13. Nce2 Na6 14. g5 Nb4 15.
Qb3 Nd7 16. Qxb4 e5 17. Bxe5 Nxe5 18. Qb3 Nc4 19. Nf5 Kf8 20. gxh6 gxh6 21.
Rhg1 a5 22. Qd3 a4 23. e4 a3 24. b3 Bf4+ 25. Kb1 Nb2 26. Qc3 Bd6 27. Rde1 dxe4
28. fxe4 Rb8 29. Nxd6 Qxd6 30. d5 Rh7 31. dxc6 b4 32. e5 Qc7 33. Qc5+ 1-0

[Event "ODJM B 2019"]
[Site "Willingen GER"]
[Date "2019.06.11"]
[Round "4"]
[White "Reuter, Marek"]
[Black "Thumm, Niklas"]
[Result "0-1"]
[Termination "normal"]
[Board "19"]
[WhiteElo "1553"]
[BlackElo "1732"]
[PlyCount "96"]
[WhiteFideId "16226712"]
[BlackFideId "12918733"]
[EventCountry "GER"]
[EventRounds "9"]
[EventType "swiss"]
[EventDate "2019.06.08"]

1. e4 e5 2. Bc4 Nc6 3. Nf3 Bc5 4. c3 Nf6 5. d4 exd4 6. cxd4 Bb4+ 7. Bd2 Bxd2+
8. Nbxd2 d5 9. exd5 Nxd5 10. O-O O-O 11. Rc1 Nb6 12. Bb3 Bg4 13. h3 Bh5 14. Rc5
Bg6 15. Re1 Nxd4 16. Nxd4 Qxd4 17. Rxc7 Rad8 18. Nf3 Qxb2 19. Qe2 Qxe2 20. Rxe2
Rd7 21. Rxd7 Nxd7 22. Re7 Rd8 23. Ng5 Kf8 24. Re3 h6 25. Ne4 Re8 26. Nd6 Rxe3
27. fxe3 b6 28. Nc8 a5 29. Ba4 Bf5 30. Bxd7 Bxd7 31. Nxb6 Bc6 32. Nc4 a4 33.
Kf2 Ke7 34. g3 Ke6 35. Na5 Bd5 36. a3 Kd6 37. Ke2 Kc5 38. Kd3 Kb5 39. e4 Bxe4+
40. Kxe4 Kxa5 41. Ke5 Kb5 42. Kd5 g6 43. Kd4 f5 44. h4 g5 45. h5 f4 46. gxf4
gxf4 47. Ke4 Kc4 48. Kxf4 Kb3 0-1

[Event "ODJM B 2019"]
[Site "Willingen GER"]
[Date "2019.06.11"]
[Round "4"]
[White "de Veer, Mara"]
[Black "von der Weyden, Louis"]
[Result "0-1"]
[Termination "normal"]
[Board "20"]
[WhiteElo "1379"]
[BlackElo "1564"]
[PlyCount "136"]
[WhiteFideId "16217349"]
[BlackFideId "16207050"]
[EventCountry "GER"]
[EventRounds "9"]
[EventType "swiss"]
[EventDate "2019.06.08"]

1. e4 e5 2. Nf3 Nc6 3. Bc4 Bc5 4. c3 d6 5. Bb3 Nf6 6. d3 h6 7. Nbd2 O-O 8. O-O
Bg4 9. h3 Bd7 10. Re1 Nh5 11. Nf1 Nf4 12. Be3 Bb6 13. d4 Qc8 14. Ng3 Ng6 15.
Bc2 Nce7 16. b4 Rd8 17. a4 a5 18. Qb1 c6 19. Nf5 Qc7 20. dxe5 Nxf5 21. Bxb6
Qxb6 22. exf5 Nxe5 23. Nxe5 dxe5 24. Rxe5 axb4 25. cxb4 Re8 26. a5 Qd4 27.
Rxe8+ Rxe8 28. Qd1 Qc3 29. Rb1 Re7 30. Qc1 Re2 31. Ba4 Qd4 32. Qf1 Rd2 33. Rd1
Qxb4 34. Rxd2 Qxd2 35. Qd1 Qxd1+ 36. Bxd1 Bxf5 37. Be2 Bc8 38. Kf1 Kf8 39. Ke1
Ke7 40. Kd2 Kd6 41. Kc3 Kc5 42. Bc4 f6 43. h4 g5 44. hxg5 hxg5 45. g3 g4 46.
Be2 Bf5 47. a6 bxa6 48. Bxa6 Kd5 49. Kd2 Kd4 50. Be2 c5 51. f3 gxf3 52. Bxf3 c4
53. g4 c3+ 54. Kc1 Ke3 55. Bd1 Bd7 56. Bb3 Bxg4 57. Bc4 Bd7 58. Bb3 f5 59. Kd1
f4 60. Bd5 Bg4+ 61. Kc2 Kd4 62. Bg2 f3 63. Bf1 f2 64. Kc1 Bf5 65. Kd1 Ke3 66.
Kc1 c2 67. Bg2 Ke2 68. Kb2 Kd2 0-1

[Event "ODJM B 2019"]
[Site "Willingen GER"]
[Date "2019.06.11"]
[Round "4"]
[White "Kublanov, Carolin"]
[Black "Obciety, Sandra"]
[Result "1-0"]
[Termination "normal"]
[Board "21"]
[WhiteElo "1748"]
[BlackElo "1619"]
[PlyCount "67"]
[WhiteFideId "12944548"]
[BlackFideId "16213157"]
[EventCountry "GER"]
[EventRounds "9"]
[EventType "swiss"]
[EventDate "2019.06.08"]

1. d4 d5 2. Nf3 Nf6 3. e3 b6 4. b3 Bb7 5. Bb2 e6 6. Ne5 Nbd7 7. Bd3 Nxe5 8.
dxe5 Nd7 9. O-O g6 10. Nd2 Bg7 11. f4 O-O 12. Ba3 c5 13. Nf3 Qc7 14. c4 Rfe8
15. Qe2 f6 16. exf6 Nxf6 17. Bb2 Rad8 18. Rad1 Re7 19. h3 Rde8 20. Ne5 Nd7 21.
Ng4 d4 22. exd4 cxd4 23. Bb1 Qc5 24. Qf2 h5 25. Nh2 e5 26. Bxg6 Rf8 27. f5 Be4
28. Qh4 Nf6 29. Bxh5 Nxh5 30. Qxh5 Ref7 31. f6 Bxf6 32. Qg4+ Rg7 33. Qxe4 Qe7
34. Ng4 1-0

[Event "ODJM B 2019"]
[Site "Willingen GER"]
[Date "2019.06.11"]
[Round "4"]
[White "Maul, Maik Joel"]
[Black "Andresen, Marc"]
[Result "0-1"]
[Termination "normal"]
[Board "22"]
[WhiteElo "1590"]
[BlackElo "1428"]
[PlyCount "56"]
[WhiteFideId "16204816"]
[BlackFideId "16233719"]
[EventCountry "GER"]
[EventRounds "9"]
[EventType "swiss"]
[EventDate "2019.06.08"]

1. d4 Nf6 2. Nc3 d5 3. Bf4 e6 4. e3 a6 5. Nf3 Be7 6. Ne5 Nbd7 7. Bd3 O-O 8. g4
Nxe5 9. dxe5 Nd7 10. g5 c5 11. Qh5 g6 12. Qg4 Qa5 13. h4 Re8 14. h5 Bf8 15.
hxg6 hxg6 16. Qh4 Bg7 17. O-O-O Nxe5 18. Bxe5 Bxe5 19. Qa4 Qd8 20. Rh6 d4 21.
exd4 Bd7 22. Qb3 Qxg5+ 23. Kb1 cxd4 24. Rdh1 dxc3 25. bxc3 Rec8 26. c4 Bc6 27.
f4 Qxf4 28. R1h4 Qf2 0-1

[Event "ODJM B 2019"]
[Site "Willingen GER"]
[Date "2019.06.11"]
[Round "4"]
[White "Plum, Paul"]
[Black "Puls, Luisa"]
[Result "1-0"]
[Termination "normal"]
[Board "23"]
[WhiteElo "1717"]
[BlackElo "1465"]
[PlyCount "45"]
[WhiteFideId "16225678"]
[BlackFideId "16266005"]
[EventCountry "GER"]
[EventRounds "9"]
[EventType "swiss"]
[EventDate "2019.06.08"]

1. e4 c5 2. Nc3 Nc6 3. g3 g6 4. Bg2 Bg7 5. d3 d6 6. Be3 e5 7. Qd2 Be6 8. Nge2
Nge7 9. Bh6 Bxh6 10. Qxh6 Nd4 11. Qd2 Rb8 12. h4 h5 13. O-O b5 14. f4 b4 15.
Nd1 Qd7 16. Ne3 a5 17. c3 bxc3 18. bxc3 Nxe2+ 19. Qxe2 exf4 20. Rxf4 O-O 21. g4
hxg4 22. Nxg4 g5 23. Nf6+ 1-0

[Event "ODJM B 2019"]
[Site "Willingen GER"]
[Date "2019.06.11"]
[Round "4"]
[White "Diegel, Jonas"]
[Black "Reyher, Susan"]
[Result "1/2-1/2"]
[Termination "normal"]
[Board "24"]
[WhiteElo "1787"]
[BlackElo "1714"]
[PlyCount "55"]
[WhiteFideId "16206061"]
[BlackFideId "24686107"]
[EventCountry "GER"]
[EventRounds "9"]
[EventType "swiss"]
[EventDate "2019.06.08"]

1. d4 d5 2. Nf3 Nf6 3. c4 dxc4 4. e3 e6 5. Bxc4 a6 6. O-O c5 7. a4 Nc6 8. Nc3
cxd4 9. exd4 Be7 10. Re1 O-O 11. Be3 Bd7 12. Qe2 Bb4 13. Bg5 Be7 14. Rad1 Re8
15. Qd2 Na5 16. Ba2 Bb4 17. d5 exd5 18. Rxe8+ Bxe8 19. Bxf6 Qxf6 20. Nxd5 Bxd2
21. Nxf6+ gxf6 22. Rxd2 Bxa4 23. Rd4 Rc8 24. h3 Bb5 25. Nh4 Rc1+ 26. Kh2 Nc6
27. Rd7 Bc4 28. Bxc4 1/2-1/2

[Event "ODJM B 2019"]
[Site "Willingen GER"]
[Date "2019.06.11"]
[Round "4"]
[White "Zimmer, Luca"]
[Black "Feidt, Jonas"]
[Result "1/2-1/2"]
[Termination "normal"]
[Board "25"]
[WhiteElo "1676"]
[BlackElo "1622"]
[PlyCount "45"]
[WhiteFideId "12921424"]
[BlackFideId "16243617"]
[EventCountry "GER"]
[EventRounds "9"]
[EventType "swiss"]
[EventDate "2019.06.08"]

1. e4 c6 2. d4 d5 3. exd5 cxd5 4. Bd3 Nc6 5. c3 Qc7 6. h3 Nf6 7. Nf3 g6 8. Qc2
Bg7 9. O-O O-O 10. Re1 e6 11. Be3 Bd7 12. Qc1 Rfc8 13. Bf4 Qb6 14. Nbd2 a5 15.
Qb1 a4 16. Ne5 Be8 17. Ndf3 Nd7 18. h4 Ncxe5 19. Nxe5 Nxe5 20. Bxe5 a3 21. Re2
Bxe5 22. dxe5 Rab8 23. Rc2 1/2-1/2

[Event "ODJM B 2019"]
[Site "Willingen GER"]
[Date "2019.06.11"]
[Round "4"]
[White "Lau, Theodor"]
[Black "Petrosyan, Tigran"]
[Result "0-1"]
[Termination "normal"]
[Board "26"]
[WhiteElo "1670"]
[BlackElo "1603"]
[PlyCount "80"]
[WhiteFideId "12946524"]
[BlackFideId "12962783"]
[EventCountry "GER"]
[EventRounds "9"]
[EventType "swiss"]
[EventDate "2019.06.08"]

1. e4 c6 2. d4 d5 3. e5 Bf5 4. f4 e6 5. Nf3 c5 6. c3 Nc6 7. Bd3 Bxd3 8. Qxd3
cxd4 9. cxd4 Rc8 10. Nc3 Bb4 11. Bd2 Nge7 12. a3 Bxc3 13. Bxc3 O-O 14. Ng5 g6
15. Qh3 h5 16. g4 Kg7 17. Rg1 Rh8 18. gxh5 Qb6 19. Nf3 Nf5 20. Qg4 Ncxd4 21.
Nxd4 Nxd4 22. O-O-O Qb3 23. Kd2 Qc2+ 24. Ke1 Qe4+ 25. Kf2 Nf5 26. Rde1 Qd3 27.
Rd1 Qe3+ 28. Kf1 Rc4 29. Bd2 Qd3+ 30. Kf2 Rc2 31. Ke1 Qe4+ 32. Qe2 Qxe2+ 33.
Kxe2 Rxh5 34. Rg2 Rxb2 35. Rc1 Rh3 36. Ra1 Nd4+ 37. Kf1 Nb3 38. Rd1 Nxd2+ 39.
Rdxd2 Rxd2 40. Rxd2 Rxa3 0-1

[Event "ODJM B 2019"]
[Site "Willingen GER"]
[Date "2019.06.11"]
[Round "4"]
[White "Tran, Minh Dat"]
[Black "Niemann, Leon Pascal"]
[Result "1-0"]
[Termination "normal"]
[Board "27"]
[WhiteElo "1573"]
[BlackElo "1702"]
[PlyCount "71"]
[WhiteFideId "16244702"]
[BlackFideId "16218388"]
[EventCountry "GER"]
[EventRounds "9"]
[EventType "swiss"]
[EventDate "2019.06.08"]

1. c4 Nf6 2. Nc3 c5 3. g3 g6 4. Bg2 Bg7 5. e4 d6 6. d3 O-O 7. f4 Nc6 8. Nf3 Ne8
9. Be3 Rb8 10. O-O f5 11. e5 Nc7 12. Rb1 Ne6 13. Re1 dxe5 14. fxe5 Nxe5 15.
Nxe5 Bxe5 16. Bd5 Bd4 17. Bxd4 cxd4 18. Bxe6+ Bxe6 19. Rxe6 dxc3 20. bxc3 Qc8
21. Qe2 Rf7 22. Re1 Qc5+ 23. d4 Qc7 24. c5 Re8 25. Qb5 Kf8 26. c6 bxc6 27. Rxc6
Qd7 28. Qc5 a5 29. Ree6 f4 30. Qe5 Rg7 31. Qxf4+ Kg8 32. Qe5 Qb7 33. Rb6 Qf3
34. Rf6 Qxc3 35. Rb8 Rc8 36. Qe6+ 1-0

[Event "ODJM B 2019"]
[Site "Willingen GER"]
[Date "2019.06.11"]
[Round "4"]
[White "Götz, Timon"]
[Black "Glöckl, Simon"]
[Result "1-0"]
[Termination "normal"]
[Board "28"]
[WhiteElo "1408"]
[BlackElo "1586"]
[PlyCount "119"]
[WhiteFideId "16245040"]
[BlackFideId "16266072"]
[EventCountry "GER"]
[EventRounds "9"]
[EventType "swiss"]
[EventDate "2019.06.08"]

1. c4 Nf6 2. g3 e6 3. Bg2 d5 4. e3 Be7 5. Ne2 O-O 6. b3 c5 7. cxd5 exd5 8. d4
Nc6 9. Bb2 Bg4 10. h3 Bh5 11. g4 Bg6 12. Nbc3 Nb4 13. O-O Nd3 14. Qd2 Nxb2 15.
Qxb2 h5 16. gxh5 Bxh5 17. Nf4 cxd4 18. Ncxd5 Nxd5 19. Nxd5 dxe3 20. fxe3 Bc5
21. Qe5 Bg6 22. Nf6+ gxf6 23. Qxc5 b6 24. Qc3 Rc8 25. Qxf6 Qxf6 26. Rxf6 Rc2
27. Rf2 Rfc8 28. Raf1 Kf8 29. Bd5 Rxf2 30. Rxf2 Rc3 31. Re2 Bh5 32. Re1 Rc2 33.
a4 Ke7 34. e4 Rd2 35. Rf1 Bg6 36. Rf2 Rxf2 37. Kxf2 Kf6 38. Ke3 Ke5 39. Bb7 f5
40. exf5 Bxf5 41. h4 Be6 42. b4 Bb3 43. a5 bxa5 44. bxa5 Kf5 45. Bc8+ Kg6 46.
Bg4 Kh6 47. Kd4 Bc2 48. Be2 Bf5 49. Ke5 Bh3 50. Kd6 Bg2 51. Kc7 Be4 52. Kb8 a6
53. Ka7 Bf5 54. Kxa6 Bc8+ 55. Kb6 Kh7 56. Ba6 Bg4 57. Bb7 Be2 58. Bc6 Kh6 59.
Bb5 Bf3 60. a6 1-0

[Event "ODJM B 2019"]
[Site "Willingen GER"]
[Date "2019.06.11"]
[Round "4"]
[White "Hallfarth, Luise"]
[Black "Ebeling, Gereon"]
[Result "0-1"]
[Termination "normal"]
[Board "29"]
[WhiteElo "1518"]
[BlackElo "1588"]
[PlyCount "52"]
[WhiteFideId "16250222"]
[BlackFideId "16223160"]
[EventCountry "GER"]
[EventRounds "9"]
[EventType "swiss"]
[EventDate "2019.06.08"]

1. e4 e6 2. d4 d5 3. Nd2 Nf6 4. e5 Nfd7 5. Ndf3 c5 6. c3 Nc6 7. Bd3 Qb6 8. Ne2
cxd4 9. cxd4 f6 10. exf6 Nxf6 11. O-O Bd6 12. Re1 O-O 13. Nf4 Ne4 14. Bxe4 Bxf4
15. Bc2 Bxc1 16. Rxc1 Qxb2 17. Ng5 h6 18. Nxe6 Bxe6 19. Rxe6 Qxd4 20. Qe2 Qf4
21. Rd1 Nd4 22. Rxd4 Qxd4 23. Re7 Qa1+ 24. Bd1 Qf6 25. Rxb7 Rae8 26. Qd2 Qd4
0-1

[Event "ODJM B 2019"]
[Site "Willingen GER"]
[Date "2019.06.11"]
[Round "4"]
[White "Scheidt, Mike Niklas"]
[Black "Hövert, Kai"]
[Result "1/2-1/2"]
[Termination "normal"]
[Board "30"]
[WhiteElo "1557"]
[BlackElo "1536"]
[PlyCount "67"]
[WhiteFideId "12965235"]
[BlackFideId "16266056"]
[EventCountry "GER"]
[EventRounds "9"]
[EventType "swiss"]
[EventDate "2019.06.08"]

1. d4 d5 2. Nc3 Nf6 3. Bf4 a6 4. e3 e6 5. Nf3 c5 6. Ne5 Nc6 7. Be2 Be7 8. h4
Nd7 9. Nf3 b5 10. dxc5 Bxc5 11. Nd4 Nce5 12. Bh5 Ng6 13. Bg5 Nf6 14. Qd2 h6 15.
Bxg6 hxg5 16. Bd3 gxh4 17. O-O-O Bb7 18. Nf3 Ng4 19. Rh3 Qb6 20. Nd4 Ne5 21.
Rdh1 Be7 22. Kb1 Nxd3 23. Qxd3 O-O-O 24. g3 g6 25. Nce2 e5 26. Nf3 d4 27. exd4
exd4 28. Nexd4 Bxf3 29. Qc3+ Kb8 30. Nxf3 Bf6 31. Qb4 Ka7 32. gxh4 Qxf2 33. Qf4
Qb6 34. a3 1/2-1/2

[Event "ODJM B 2019"]
[Site "Willingen GER"]
[Date "2019.06.11"]
[Round "4"]
[White "Knerr, Sebastian"]
[Black "Bendtschneider, Nils"]
[Result "1-0"]
[Termination "normal"]
[Board "31"]
[WhiteElo "1685"]
[BlackElo "1219"]
[PlyCount "113"]
[WhiteFideId "16266013"]
[BlackFideId "16245180"]
[EventCountry "GER"]
[EventRounds "9"]
[EventType "swiss"]
[EventDate "2019.06.08"]

1. e4 e5 2. Nf3 Nc6 3. Bc4 d6 4. Nc3 Bg4 5. h3 Bh5 6. Nxe5 Nxe5 7. Qxh5 Nf6 8.
Qe2 Be7 9. Bb3 O-O 10. O-O c6 11. f4 Ng6 12. f5 Ne5 13. d4 Ned7 14. e5 dxe5 15.
dxe5 Re8 16. e6 Bc5+ 17. Kh1 Kf8 18. Bg5 Qc7 19. Qc4 Nh5 20. e7+ Rxe7 21. Bxe7+
Kxe7 22. Qxf7+ Kd8 23. Qxh5 Nf6 24. Rad1+ Bd6 25. Qf3 Ke8 26. Ne4 Be5 27. Nxf6+
gxf6 28. Qd3 Rd8 29. Qxd8+ Qxd8 30. Rxd8+ Kxd8 31. Rd1+ Ke7 32. Re1 Kd6 33.
Rxe5 fxe5 34. g4 e4 35. g5 e3 36. Kg2 Ke5 37. f6 Kd6 38. h4 b5 39. h5 a5 40. g6
hxg6 41. hxg6 a4 42. g7 axb3 43. axb3 e2 44. Kf2 c5 45. g8=Q c4 46. bxc4 bxc4
47. Qxc4 Ke5 48. f7 e1=Q+ 49. Kxe1 Kd6 50. f8=R Ke7 51. Kf2 Kxf8 52. Qc7 Ke8
53. Ke3 Kf8 54. Kf4 Kg8 55. Kg5 Kf8 56. Kf6 Ke8 57. Qe7# 1-0

[Event "ODJM B 2019"]
[Site "Willingen GER"]
[Date "2019.06.11"]
[Round "4"]
[White "Kuschminder, Paul"]
[Black "Ebeling, Leander"]
[Result "1/2-1/2"]
[Termination "normal"]
[Board "32"]
[WhiteElo "1495"]
[BlackElo "1694"]
[PlyCount "102"]
[WhiteFideId "16252551"]
[BlackFideId "16223179"]
[EventCountry "GER"]
[EventRounds "9"]
[EventType "swiss"]
[EventDate "2019.06.08"]

1. d4 d5 2. Bf4 Nf6 3. Nf3 c5 4. c3 Qb6 5. Qb3 cxd4 6. cxd4 Nc6 7. e3 Qxb3 8.
axb3 e6 9. Nbd2 Bd7 10. Be2 Bb4 11. O-O O-O 12. h3 Rfc8 13. Rfc1 a5 14. Rc2 Ne7
15. Rac1 Rxc2 16. Rxc2 Rc8 17. Rxc8+ Nxc8 18. g4 h6 19. Kg2 Nd6 20. Kf1 Nde4
21. Nxe4 Nxe4 22. Bd3 f6 23. Ke2 Kf7 24. Bxe4 dxe4 25. Nd2 Bb5+ 26. Nc4 a4 27.
Kd1 axb3 28. Nd6+ Bxd6 29. Bxd6 Bf1 30. h4 Bh3 31. Ke1 Bxg4 32. Kf1 Kg6 33. Kg2
Kh5 34. Kg3 g5 35. hxg5 fxg5 36. Be5 Bf3 37. Kh3 Kg6 38. Kg3 Kf7 39. Kh2 h5 40.
Kg1 Be2 41. Kg2 Ke7 42. Kg3 Kd7 43. Bf6 h4+ 44. Kh3 g4+ 45. Kxh4 Kc6 46. Kg3
Kd5 47. Be5 Kc4 48. Kh2 Kd3 49. d5 exd5 50. Kg3 Bf3 51. Bd4 b5 1/2-1/2

[Event "ODJM B 2019"]
[Site "Willingen GER"]
[Date "2019.06.11"]
[Round "4"]
[White "Thorz, Maximilian"]
[Black "Kruse, Hannes"]
[Result "1-0"]
[Termination "normal"]
[Board "33"]
[WhiteElo "1677"]
[BlackElo "1362"]
[PlyCount "115"]
[WhiteFideId "16220668"]
[BlackFideId "16254660"]
[EventCountry "GER"]
[EventRounds "9"]
[EventType "swiss"]
[EventDate "2019.06.08"]

1. d4 Nf6 2. c4 c5 3. d5 b5 4. Qc2 bxc4 5. e4 Ba6 6. Bxc4 Bxc4 7. Qxc4 d6 8.
Nc3 Nbd7 9. Nf3 g6 10. O-O Bg7 11. Re1 O-O 12. Bg5 Rb8 13. Re2 Rb4 14. Qd3 Qb8
15. Rb1 Re8 16. b3 Ng4 17. h3 Nge5 18. Nxe5 Bxe5 19. Be3 Bxc3 20. Qxc3 Rxe4 21.
Bh6 Rd4 22. Rbe1 Ne5 23. f4 Nd3 24. Rxe7 Nxe1 25. Rxe1 Rxe1+ 26. Qxe1 Rxd5 27.
Qe7 Rh5 28. Bg5 d5 29. h4 Qc8 30. Kf2 d4 31. g4 Rxg5 32. Qxg5 Qe8 33. f5 d3 34.
Qe3 Qxe3+ 35. Kxe3 gxf5 36. gxf5 Kg7 37. Kxd3 Kh6 38. Ke4 Kh5 39. Kf3 Kxh4 40.
Kf4 f6 41. a3 a6 42. b4 c4 43. a4 c3 44. Ke3 Kg4 45. b5 Kxf5 46. b6 Kg4 47. b7
h5 48. b8=Q h4 49. Qf4+ Kh5 50. Qxf6 a5 51. Qxc3 Kg4 52. Qxa5 h3 53. Kf2 Kh4
54. Qd8+ Kg4 55. Qg8+ Kh5 56. Qh7+ Kg4 57. Qg6+ Kh4 58. Kf3 1-0